Online
Catalog

Páginas revueltas / (Record no. 13560)

MARC details
000 -CABECERA
campo de control de longitud fija 02869nam a2200289 a 4500
001 - NÚMERO DE CONTROL
campo de control 000013956
003 - IDENTIFICADOR DEL NÚMERO DE CONTROL
campo de control OSt
005 - FECHA Y HORA DE LA ÚLTIMA TRANSACCIÓN
campo de control 20250204073951.0
008 - DATOS DE LONGITUD FIJA--INFORMACIÓN GENERAL
campo de control de longitud fija 091202t2006 dr 001 e spa d
040 ## - FUENTE DE LA CATALOGACIÓN
Centro catalogador/agencia de origen DO-SdBNP
Lengua de catalogación spa
Centro/agencia transcriptor BNPHU
082 ## - NÚMERO DE LA CLASIFICACIÓN DECIMAL DEWEY
Número de clasificación RD864.44
Número de documento/Ítem B583p, 2006
100 1# - ENTRADA PRINCIPAL--NOMBRE DE PERSONA
Nombre de persona Bichara, Rubén,
Fechas asociadas al nombre 1960-
9 (RLIN) 31618
245 10 - MENCIÓN DE TÍTULO
Título Páginas revueltas /
Mención de responsabilidad, etc. Rubén Bichara ; editor Rafael Grullón ; prólogo Mariano Lebrón Saviñón.
250 ## - MENCIÓN DE EDICIÓN
Mención de edición 2a. ed.
260 ## - PUBLICACIÓN, DISTRIBUCIÓN, ETC.
Lugar de publicación, distribución, etc. [Santo Domingo?] :
Nombre del editor, distribuidor, etc. Taina,
Fecha de publicación, distribución, etc. 2006.
300 ## - DESCRIPCIÓN FÍSICA
Extensión 169 p. ;
Dimensiones 22 cm.
500 ## - NOTA GENERAL
Nota general Incluye datos biográficos del autor en la contracubierta.
505 0# - NOTA DE CONTENIDO CON FORMATO
Información miscelánea Prólogo: Lecturas deleitables /
Mención de responsabilidad Mariano Lebrón Saviñón --
Título In Memorian (A Quintín Jiménez) --
-- El caballero de la armadura oxidada / Robert Fisher --
-- El general en su laberinto / García Márquez --
-- El cartero de Neruda (Ardiente paciencia) / Antonio Skármeta --
-- El ocaso del pensamiento / E.M. Cioran --
-- Les misérables / Víctor Hugo --
-- Cumbres Borrascosas / Emily Bronté --
-- Crimen y castigo / Fedor Dostoievski --
-- Rojo y negro / Stendhal (Henri Beyle) --
-- El doctor Zhivago / Boris L. Pasternak --
-- Cuentos de Eva Luna / Isabel Allende --
-- El siglo de las luces / Alejo Carpentier --
-- El extranjero / Albert Camus --
-- Cuando quiero llorar no lloro / Miguel Otero Silva --
-- Los cuentos de Canterbury -- Geoffrey Chaucer --
-- The rocking horse winner / D.H. Lawrence --
-- Demian / Hermann Hesse --
-- El cartero del rey / Rabindranath Tagore --
-- Don Quijote de la Mancha / Miguel de Cervantes --
-- Testigo fiel de Dios / Juan Gerardi --
-- Vida, obra y muerte I / Pablo Neruda --
-- Vida, obra y muerte II / Pablo Neruda --
-- Vida, obra y muerte III / Pablo Neruda --
-- La buena tierra / Pearl S. Buck --
-- Los pasos perdidos / Alejo Carpentier --
-- Hamlet / William Shakespeare --
-- La familia / Pascual Duarte --
-- Los puentes de Madison / Robert James Waller --
-- El principito / Saint-Exúpery --
-- El viejo y el mar / Ernest Hemingway --
-- El arte de la guerra / Sun Tzu --
-- Buzón de tiempo / Mario Benedetti --
-- ¿Quo vadis? / Henryk Sienkiewicz --
-- La tregua / Mario Benedetti --
-- Una carta para Dios / Donald A. Yates --
-- La ciudad de las bestias / Isabel Allende --
-- A sangre fría / Truman Capote --
-- Memorias / García Márquez --
-- Vivir para contarla / Gabriel García Márquez --
-- El túnel / Ernesto Sábato --
-- Romeo y Julieta /William Shakespeare --
-- La fiesta del chivo / Mario Vargas Llosa --
-- El príncipe feliz / Oscar Wilde --
-- Los amos / Juan Bosch.
590 ## - NOTA LOCAL (RLIN)
Nota local Inventariado, 2020 / DG
650 #0 - PUNTO DE ACCESO ADICIONAL DE MATERIA--TÉRMINO DE MATERIA
Término de materia o nombre geográfico como elemento de entrada Ensayos dominicanos
9 (RLIN) 65
650 #4 - PUNTO DE ACCESO ADICIONAL DE MATERIA--TÉRMINO DE MATERIA
Término de materia o nombre geográfico como elemento de entrada Autores en literatura
Subdivisión general Ensayos, conferencias, etc.
9 (RLIN) 31619
650 #0 - PUNTO DE ACCESO ADICIONAL DE MATERIA--TÉRMINO DE MATERIA
Término de materia o nombre geográfico como elemento de entrada Literatura dominicana.
9 (RLIN) 67
700 1# - PUNTO DE ACCESO ADICIONAL--NOMBRE DE PERSONA
Nombre de persona Grullón, Rafael,
Término indicativo de función/relación ed.
9 (RLIN) 31620
700 1# - PUNTO DE ACCESO ADICIONAL--NOMBRE DE PERSONA
Nombre de persona Lebrón Saviñon, Mariano
Fechas asociadas al nombre 1922-2014
Término indicativo de función/relación pról.
9 (RLIN) 7227
910 ## - DATOS DE OPCIÓN DEL USUARIO (OCLC)
Datos de opción del usuario Validado. Control de calidad EMS.
942 ## - ELEMENTOS DE PUNTO DE ACCESO ADICIONAL (KOHA)
Fuente del sistema de clasificación o colocación Dewey Decimal Classification
Tipo de ítem Koha Libro
Holdings
Estado de retiro Estado de pérdida Fuente del sistema de clasificación o colocación No para préstamo Código de colección Localización permanente Ubicación/localización actual Ubicación en estantería Fecha de adquisición Número de inventario Total de préstamos Signatura topográfica completa Código de barras Fecha visto por última vez Precio válido a partir de Tipo de ítem Koha Restricciones de uso Fuente de adquisición Número de copia
    Dewey Decimal Classification Préstamo restrigido   Biblioteca Nacional Pedro Henríquez Ureña Biblioteca Nacional Pedro Henríquez Ureña En catalogación 20.08.2019     RD864.44 B583p, 2006   10.11.2020 10.11.2020 Libro Préstamo restringido Donado por Irma Rodrìguez e. 2
    Dewey Decimal Classification Excluido de préstamo Patrimonio Dominicano Patrimonio Dominicano Patrimonio Dominicano En catalogación 02.12.2009 LF1   RD864.44 B583p, 2006 13956-10 25.06.2020 25.06.2020 Libro y Folleto Colección Patrimonio Dominicano      

Powered by Koha